000 00488nam a2200181Ia 4500
005 20250508151428.0
008 008 250505s9999 xx 000 0 eng d
037 _aTextual
040 _aFEDL
_beng
_cFEDL
041 _aeng
_2eng
084 _a420.7, GOR
_qFEDL
100 _aGordon D S
_939716
245 0 _aTeaching of english in India
260 _aMadras, India
_bS Viswanathan
_c1943
300 _a125p.
942 _cTEXL
_h420.7, GOR
999 _c1329728
_d1329728